Normal view
MARC view
Entry Personal Name
001 - CONTROL NUMBER
- control field: 2128
003 - CONTROL NUMBER IDENTIFIER
- control field: ARRUPE
005 - DATE AND TIME OF LATEST TRANSACTION
- control field: 20131007131646.0
008 - FIXED-LENGTH DATA ELEMENTS
- fixed length control field: 131007|| aca||aabn | a|a d
040 ## - CATALOGING SOURCE
- Original cataloging agency: ARRUPE
- Transcribing agency: ARRUPE
100 ## - HEADING--PERSONAL NAME
- Personal name: Cox, James L.
- Fuller form of name: (James Leland).
- Title of a work: Expressing the sacred.
670 ## - SOURCE DATA FOUND
- Source citation: Work cat.: (ARRUPE)0: Cox, James L. (James Leland) 2125, An introduction to the phenomenology of religion /, c2010.